000 00287nam a22001217a 4500
008 170613b xxu||||| |||| 00| 0 eng d
041 _aeng
080 _22ND
_a328
100 _a19
101 _aSHP
245 _aGOVERNMENTS AND POLITICS OF SOUTHEAST ASIA
_cWILSON,D.A
942 _2udc
_cBK
999 _c17111
_d17111